[Event "Lloyds Bank op"]
[Site "London"]
[Date "1992.??.??"]
[Round "?"]
[White "Nunn, John DM"]
[Black "Steinbacher, Matthias"]
[Result "1-0"]
[WhiteElo "2595"]
[BlackElo "2340"]

1.e4 e5 2.Nf3 Nc6 3.Nc3 d6 4.d4 Bg4 5.Bb5 exd4 6.Qxd4 a6 7.Bxc6+ bxc6 8.Be3 c5
9.Qc4 Nf6 10.e5 Be6 11.Qa4+ Nd7 12.O-O-O Be7 13.Bf4 Qb8 14.Qc6 O-O 15.exd6 cxd6
16.Bxd6 Bxd6 17.Qxd6 Qb7 18.Ng5 Rfb8 19.b3 Nf8 20.Qxc5 Rc8 21.Qe3 Bf5 22.Nge4 Re8
23.Rhe1 Rac8 24.Qf3 Bxe4 25.Nxe4 Qc6 26.Re2 Re6 27.h3 Ng6 28.Kb1 Nf4 29.Red2 Nd5
30.c4 Rxe4 31.Rxd5 Re7 32.Qd3 g6 33.Rd8+ Re8 34.Rxc8 Qxc8 35.Qd7 Qb8 36.c5 Qe5
37.c6 Qe4+ 38.Kb2 Qe5+ 39.Qd4 Qe7 40.Rc1 Rd8 41.Qf4  1-0

[Event "Manila ol (Men)"]
[Site "Manila"]
[Date "1992.??.??"]
[Round "?"]
[White "Nenashev, Alexander"]
[Black "Nunn, John DM"]
[Result "1-0"]
[WhiteElo "2515"]
[BlackElo "2615"]

1.d4 Nf6 2.c4 g6 3.Nc3 Bg7 4.e4 d6 5.f3 O-O 6.Be3 c5 7.dxc5 dxc5 8.Qxd8 Rxd8
9.Bxc5 Nc6 10.Ba3 a5 11.Rd1 Rxd1+ 12.Kxd1 Nb4 13.Nge2 b6 14.Nc1 e6 15.Na4 Nd7
16.b3 Ba6 17.Bb2 Bxb2 18.Nxb2 Nc5 19.Kd2 Bb7 20.Kc3 f5 21.exf5 gxf5 22.Nbd3 Ncxd3
23.Bxd3 Rc8 24.Rd1 b5 25.a3 Nd5+ 26.Kd4 bxc4 27.bxc4 Nb6 28.Re1 Kf7 29.Nb3 Rd8+
30.Kc3 Na4+ 31.Kc2 Rg8 32.Bf1 Ra8 33.Re5  1-0

[Event "Manila ol (Men)"]
[Site "Manila"]
[Date "1992.??.??"]
[Round "?"]
[White "Egger, Jorge"]
[Black "Nunn, John DM"]
[Result "1/2-1/2"]
[WhiteElo "2355"]
[BlackElo "2615"]

1.e4 c5 2.Nf3 Nc6 3.d4 cxd4 4.Nxd4 Nf6 5.Nc3 e5 6.Ndb5 d6 7.Bg5 a6 8.Na3 b5
9.Bxf6 gxf6 10.Nd5 Bg7 11.Bd3 Ne7 12.Nxe7 Qxe7 13.c4 f5 14.O-O O-O 15.Qf3 bxc4
16.Nxc4 d5 17.exd5 e4 18.Qe3 Bb7 19.Rad1 Bxd5 20.Nb6 Be6 21.Nxa8 exd3 22.Nb6 Qb4
23.Rxd3 f4 24.Rb3 Qxb3 25.Qxb3 Bxb3 26.axb3 Rb8 27.Nd5 Rxb3 28.Nxf4 Bxb2
29.Rd1 a5 30.Rd8+ Kg7 31.Nh5+ Kh6 32.g4 a4 33.h4 a3 34.Rd6+ f6 35.Nxf6 Kg7
36.Nh5+ Kf7 37.Ra6 Rb4 38.f3 Ke7 39.Ng3 Kd7 40.Ne4 Kc7 41.Kf1 Rb6 42.Ra5 Rc6
43.Ke2 Kb6 44.Ra8 Kb5 45.Kd3 Kb4 46.Nd2 Rd6+ 47.Kc2 Rc6+ 48.Kd3 Rd6+  1/2-1/2

[Event "Manila ol (Men)"]
[Site "Manila"]
[Date "1992.??.??"]
[Round "?"]
[White "Nunn, John DM"]
[Black "Lputian, Smbat G"]
[Result "1-0"]
[WhiteElo "2615"]
[BlackElo "2560"]

1.e4 e6 2.d4 d5 3.Nc3 Nf6 4.e5 Nfd7 5.f4 c5 6.Nf3 Nc6 7.Be3 cxd4 8.Nxd4 Bc5
9.Qd2 O-O 10.O-O-O a6 11.h4 Nxd4 12.Bxd4 b5 13.h5 b4 14.Na4 Bxd4 15.Qxd4 a5
16.Bb5 Rb8 17.Bd3 Bb7 18.h6 g6 19.f5 Bc6 20.fxe6 Qg5+ 21.Kb1 Qxe5 22.Qxe5 Nxe5
23.Nc5 fxe6 24.Rhe1 Nxd3 25.cxd3 d4 26.Nxe6 Rfe8 27.g3 Bb5 28.Kc2 Rec8+ 29.Kd2 Bc6
30.Nxd4 Bd5 31.Re5 Rd8 32.Rc1 Rb7 33.Nc6 Bxc6 34.Rxc6 Rbd7 35.Re3 Rd6 36.Rxd6 Rxd6
37.Re8+ Kf7 38.Rh8 g5 39.Rxh7+ Kg6 40.Ra7 Kxh6 41.Rxa5 Kh5 42.Re5 Kg4 43.Kc2 Rg6
44.Re3 Rd6 45.Kb3 Rd4 46.Re4+  1-0

[Event "Manila ol (Men)"]
[Site "Manila"]
[Date "1992.??.??"]
[Round "?"]
[White "Nunn, John DM"]
[Black "Rytshagov, Mikhail"]
[Result "1-0"]
[WhiteElo "2615"]
[BlackElo "2385"]

1.e4 c5 2.Nf3 d6 3.d4 cxd4 4.Nxd4 Nf6 5.Nc3 a6 6.Be3 e6 7.f3 Nc6 8.Qd2 Be7
9.g4 O-O 10.O-O-O Nxd4 11.Bxd4 b5 12.g5 Nd7 13.h4 Rb8 14.Kb1 Qc7 15.Bd3 b4
16.Ne2 Ne5 17.Rdf1 Nxd3 18.cxd3 e5 19.Be3 Be6 20.f4 Qa5 21.b3 exf4 22.Nxf4 Rbc8
23.Bd4 d5 24.Qb2 dxe4 25.Bxg7 Rfd8 26.Bf6 exd3 27.Nxe6 Rc2 28.Nxd8 Rxb2+
29.Bxb2 Qxd8 30.Rd1 Qd7 31.Rd2 Kf8 32.Ka1 Qf5 33.Rhd1 Bd6 34.Rxd3 Be5 35.Bxe5 Qxe5+
36.Rd4 a5 37.a3 bxa3 38.Ka2 Qc5 39.Rc4 Qe7 40.Rd5 Qe1 41.Rdc5 Kg7 42.h5 Qe2+
43.Kxa3 Qxh5 44.Rxa5 Qd1 45.Rac5 Qa1+ 46.Kb4 Qa7 47.Ra5 Qe7+ 48.Rcc5 Qe1+
49.Ka4 Qd1 50.Rd5 Qc2 51.Kb4 Qb1 52.Rac5 Qa2 53.Rc6 Qg2 54.Rdc5 Qb2 55.Rb6 Qd4+
56.Kb5 Qd7+ 57.Ka6 Qd3+ 58.Ka7 Qd7+ 59.Rb7 Qd1 60.b4 Qa1+ 61.Kb6 Qd4 62.Ka5 Qa1+
63.Kb5 Qd4 64.Rbc7 Qd3+ 65.Kb6 Qd6+ 66.Ka7 h5 67.gxh6+ Qxh6 68.b5 Qf4 69.b6 Qa4+
70.Kb8 Kg6 71.b7 Qd4 72.R7c6+ Kg7 73.Kc7 Qf4+ 74.Rd6 Qb4  1-0

[Event "Oviedo Fischer Blitz"]
[Site "Oviedo"]
[Date "1992.??.??"]
[Round "?"]
[White "Nunn, John DM"]
[Black "Adams, Michael"]
[Result "1-0"]
[WhiteElo "2595"]
[BlackElo "2610"]

1.e4 c6 2.d4 d5 3.e5 Bf5 4.Nf3 e6 5.Be2 Nd7 6.O-O c5 7.c4 dxc4 8.Nc3 cxd4
9.Nxd4 Bg6 10.Bxc4 Rc8 11.Bb3 Bc5 12.Re1 a6 13.Bxe6 Bxd4 14.Bxf7+ Bxf7 15.Qxd4 Be6
16.Ne4 Ne7 17.Nd6+ Kf8 18.Bg5 Rc6 19.Qf4+ Kg8 20.Qh4 Ng6 21.Bxd8 Nxh4 22.Bxh4 g6
23.Nxb7 Kg7 24.Rad1 Rb8 25.Nd8 Rxd8 26.Bxd8 Rc2 27.Rb1 Bxa2 28.Rbc1 Rxc1
29.Rxc1 Nxe5 30.Rc7+ Kg8 31.Bf6 Nd3 32.Rg7+ Kf8 33.Rxh7 Bc4 34.Rc7 Bb5 35.h4 Nf4
36.Ra7 Nd5 37.Be5 Ke8 38.f3 Nb4 39.Rg7 Bd3 40.g4 Nc6 41.Bc3 Ne7 42.h5 gxh5
43.gxh5 Nf5 44.Rc7 Kf8 45.h6 Nxh6 46.Bg7+ Ke8  1-0

[Event "Oviedo rapid45"]
[Site "Oviedo"]
[Date "1992.??.??"]
[Round "2"]
[White "Nunn, John DM"]
[Black "Hoang Than Trang"]
[Result "0-1"]
[WhiteElo "2615"]
[BlackElo "2300"]

1.e4 e6 2.d4 d5 3.Nc3 Nf6 4.e5 Nfd7 5.f4 c5 6.Nf3 Nc6 7.Be3 Qb6 8.Na4 Qa5+
9.c3 cxd4 10.b4 Nxb4 11.cxb4 Bxb4+ 12.Bd2 Bxd2+ 13.Nxd2 g5 14.Nb2 b6 15.Kf2 gxf4
16.Nd3 Ba6 17.Nb3 Qa4 18.Nb2 Qa3 19.Qxd4 Rc8 20.Bd3 Bxd3 21.Nxd3 Rc4  0-1

[Event "Oviedo rapid45"]
[Site "Oviedo"]
[Date "1992.??.??"]
[Round "5"]
[White "Nunez Vallina, Jose Antonio"]
[Black "Nunn, John DM"]
[Result "0-1"]
[WhiteElo "2370"]
[BlackElo "2615"]

1.c4 g6 2.Nc3 Bg7 3.Nf3 Nf6 4.g3 O-O 5.Bg2 d6 6.O-O e5 7.d3 Nbd7 8.Rb1 Nh5
9.b4 f5 10.Bg5 Ndf6 11.Nd5 h6 12.Nxf6+ Nxf6 13.Bd2 g5 14.Bc3 Qe8 15.e3 f4
16.exf4 gxf4 17.gxf4 Nh5 18.fxe5 Nf4  0-1

[Event "Oviedo rapid45"]
[Site "Oviedo"]
[Date "1992.??.??"]
[Round "6"]
[White "Nunn, John DM"]
[Black "Damaso, Rui"]
[Result "1/2-1/2"]
[WhiteElo "2615"]
[BlackElo "2450"]

1.e4 d5 2.exd5 Nf6 3.d4 Bg4 4.Be2 Bxe2 5.Qxe2 Qxd5 6.Nf3 e6 7.O-O Bd6 8.c4 Qh5
9.Nc3 Nc6 10.h3 O-O-O 11.Be3 g5 12.Nxg5 Qg6 13.Qf3 Bb4 14.Rad1 Bxc3 15.bxc3 h6
16.h4 hxg5 17.Bxg5 Ne4 18.Bxd8 Nxd8 19.Qh3 f5 20.Rfe1 Ng5 21.Qd3 Rxh4 22.g3 Nh3+
23.Kf1 Nxf2 24.Kxf2 Rh2+ 25.Kg1 Qh5 26.Rf1 Nf7 27.Rd2 Rh1+ 28.Kf2 Ng5 29.Rxh1 Qxh1
30.Re2 Ne4+ 31.Rxe4 fxe4 32.Qe3 Qh2+ 33.Ke1 Qxa2 34.Qxe4 Qxc4  1/2-1/2

[Event "Oviedo rapid45"]
[Site "Oviedo"]
[Date "1992.??.??"]
[Round "7"]
[White "Santo Roman, Marc"]
[Black "Nunn, John DM"]
[Result "0-1"]
[WhiteElo "2495"]
[BlackElo "2615"]

1.e4 e5 2.Nf3 Nc6 3.Bb5 a6 4.Bxc6 dxc6 5.O-O Bd6 6.d4 exd4 7.Qxd4 f6 8.Nbd2 Be6
9.h3 Ne7 10.b3 O-O 11.Nc4 Bb4 12.Ne3 Qxd4 13.Nxd4 Bf7 14.Bb2 Rfe8 15.Rad1 Nc8
16.Ndf5 Nd6 17.f3 Rad8 18.g4 Kf8 19.Kg2 Nb5 20.c4 Nd6 21.Nxg7 Kxg7 22.g5 Kf8
23.Bxf6 Rd7 24.e5 Bg6 25.Ng4 Bc2 26.Rc1  0-1

[Event "Oviedo rapid45"]
[Site "Oviedo"]
[Date "1992.??.??"]
[Round "8"]
[White "Nunn, John DM"]
[Black "Strikovic, Aleksa"]
[Result "1-0"]
[WhiteElo "2615"]
[BlackElo "2480"]

1.e4 g6 2.d4 Bg7 3.Nc3 d6 4.Be3 c6 5.f3 b5 6.g4 Nf6 7.h4 h5 8.e5 Nd5 9.Nxd5 cxd5
10.gxh5 Rxh5 11.f4 Nc6 12.Qd2 Bf5 13.Ne2 e6 14.Ng3 Rxh4 15.Rxh4 Qxh4 16.Bf2 Qd8
17.Nxf5 gxf5 18.Bxb5 Qb6 19.Bxc6+ Qxc6 20.O-O-O O-O-O 21.Rg1 Bh6 22.Rh1 Rh8
23.Be3 Kb7 24.Rh2 Qa6 25.b3 Qxa2 26.Qb4+ Ka8 27.exd6 Qa1+ 28.Kd2 Rg8 29.d7  1-0

[Event "Oviedo rapid45"]
[Site "Oviedo"]
[Date "1992.??.??"]
[Round "11"]
[White "Sadler, Matthew"]
[Black "Nunn, John DM"]
[Result "1/2-1/2"]
[WhiteElo "2485"]
[BlackElo "2615"]

1.d4 Nf6 2.c4 g6 3.Nc3 Bg7 4.Nf3 O-O 5.Bg5 c5 6.e3 cxd4 7.exd4 d5 8.Bxf6 Bxf6
9.cxd5 Bg4 10.Bc4 Qb6 11.Bb3 Nd7 12.O-O Bxf3 13.Qxf3 Bxd4 14.Rad1 Rac8 15.Rfe1 Bxc3
16.bxc3 Qd6 17.Qe3 Rfe8 18.Qxa7 Rxc3 19.Qxb7 Rc7 20.Qb5 Rec8 21.Qe2 Nc5 22.Qe3 Nxb3
23.axb3 Rb8 24.Qg3 Qxg3  1/2-1/2

[Event "Walsall"]
[Site "Walsall"]
[Date "1992.??.??"]
[Round "2"]
[White "Mannion, Stephen R"]
[Black "Nunn, John DM"]
[Result "1/2-1/2"]
[WhiteElo "2390"]
[BlackElo "2595"]

1.e4 c5 2.Nf3 Nc6 3.d4 cxd4 4.Nxd4 Nf6 5.Nc3 e5 6.Ndb5 d6 7.Bg5 a6 8.Na3 b5
9.Bxf6 gxf6 10.Nd5 Bg7 11.Bd3 Ne7 12.Nxe7 Qxe7 13.O-O O-O 14.c4 f5 15.Qh5 Rb8
16.exf5 e4 17.Rae1 Bb7 18.Qg4 Rfe8 19.f3 h5 20.Qg3 Qe5 21.fxe4 Qxg3 22.hxg3 Bxb2
23.Nc2 bxc4 24.Bxc4 Bxe4 25.Re2 Rbc8 26.Bb3 Re5 27.Rd1 Bxf5 28.Rf2 Bxc2 29.Rxc2 Rxc2
30.Bxc2 d5 31.Bb3 d4 32.Bc4 a5 33.Rf1 Re7 34.Rf5 a4 35.Kf2 Rc7 36.Bd3 Kg7
37.Rxh5 Rc3 38.Ke2 Ra3 39.Rf5 f6 40.Rb5 Ba1 41.Rb7+ Kf8 42.Ra7 Rxa2+ 43.Kf3 a3
44.Bc4 Rc2 45.Rxa3 Rxc4 46.Rxa1 Kf7 47.Ke4 Kg6 48.Rd1 f5+ 49.Kf4 Kf6 50.Rd3 Ke6
51.g4 fxg4 52.Ke4  1/2-1/2

[Event "Walsall"]
[Site "Walsall"]
[Date "1992.??.??"]
[Round "7"]
[White "Nunn, John DM"]
[Black "Drazic, Sinisa"]
[Result "1-0"]
[WhiteElo "2595"]
[BlackElo "2410"]

1.e4 c6 2.d4 d5 3.e5 Bf5 4.Nf3 e6 5.Be2 c5 6.O-O Nc6 7.c3 Nge7 8.dxc5 Ng6
9.b4 Be7 10.Nd4 Bxb1 11.Rxb1 Ngxe5 12.f4 Nd7 13.f5 e5 14.Nf3 e4 15.Nd4 O-O
16.Bf4 Bf6 17.Nb5 a6 18.Nc7 Bxc3 19.Nxa8 Bd4+ 20.Kh1 Qxa8 21.a4 Nf6 22.b5 axb5
23.axb5 Bxc5 24.bxc6 bxc6 25.Rc1 Be7 26.Be3 Rd8 27.Bb6 c5 28.Ra1 Qb8 29.Bxd8 Bxd8
30.Qa4 h6 31.Qc6 Qb2 32.Bb5 Kh7 33.Qxc5 Qe5 34.Be2 Qb2 35.Qb5 Qd2 36.Rad1 Qe3
37.Rde1 Qg5 38.Qb7 d4 39.Qxf7 d3 40.Qg6+ Qxg6 41.fxg6+ Kxg6 42.Bxd3 exd3
43.Rd1 Ne4 44.Rxd3 Bb6 45.Rdf3 h5 46.Rf4 Nf6 47.g3 Be3 48.Ra4  1-0

[Event "Bundesliga 9293"]
[Site "Germany"]
[Date "1993.??.??"]
[Round "?"]
[White "Nunn, John DM"]
[Black "Hausner, Ivan"]
[Result "1-0"]
[WhiteElo "2595"]
[BlackElo "2410"]

1.e4 e6 2.d4 d5 3.Nc3 Be7 4.Bd3 b6 5.Nf3 Nf6 6.e5 Nfd7 7.Ne2 Ba6 8.O-O Bxd3
9.Qxd3 c5 10.c4 Nc6 11.cxd5 Nb4 12.Qe4 Nxd5 13.Qg4 g6 14.Bh6 Qc7 15.Rac1 c4
16.Nf4 Qc6 17.b3 b5 18.a4 a6 19.bxc4 bxc4 20.Nd2 c3 21.Ne4 N7b6 22.Qf3 Rc8
23.a5 Na4 24.Rfe1 Rc7 25.Bg7 Rg8 26.Nxd5 Qxd5 27.Nd6+ Kd7 28.Qxf7 Qa8 29.Bf6 Qf8
30.Qxh7 Kd8 31.Bxe7+ Rxe7 32.Qh4 Rh8 33.Qe4 Rc7 34.h3 Qh6 35.Qa8+ Ke7 36.Qxa6 Qf4
37.Qd3 Rf8 38.Rc2 Kd8 39.a6 Nb2 40.Qe3 Qxe3 41.Rxe3  1-0

[Event "Bundesliga 9293"]
[Site "Germany"]
[Date "1993.??.??"]
[Round "?"]
[White "Nunn, John DM"]
[Black "Kramnik, Vladimir"]
[Result "1/2-1/2"]
[WhiteElo "2595"]
[BlackElo "2625"]

1.e4 c5 2.Nf3 Nc6 3.d4 cxd4 4.Nxd4 Nf6 5.Nc3 d6 6.Bg5 e6 7.Qd2 a6 8.O-O-O h6
9.Bf4 Bd7 10.Nxc6 Bxc6 11.f3 d5 12.Qe1 Bb4 13.a3 Ba5 14.Bd2 Qe7 15.e5 Nd7
16.f4 b5 17.Ne2 Bxd2+ 18.Qxd2 O-O 19.Nd4 Rfc8 20.Bd3 Nc5 21.Kb1 Bd7 22.g4 Rab8
23.g5 b4 24.gxh6 bxa3 25.b3 g6 26.h4 Na4 27.Rdg1 a2+ 28.Ka1 Qa3 29.Qc1 Qb4
30.Ne2 Nc5 31.Rxg6+ Kh8 32.Rg7 Nxb3+ 33.cxb3 Rxc1+ 34.Rxc1 Qxb3 35.Rh7+ Kg8
36.Rg1+ Kf8 37.Rh8+ Ke7 38.Rxb8 Qxd3 39.Rc1 Qxe2 40.h7 Qd2 41.h8=Q  1/2-1/2

[Event "Bundesliga 9293"]
[Site "Germany"]
[Date "1993.??.??"]
[Round "?"]
[White "Sax, Gyula"]
[Black "Nunn, John DM"]
[Result "1/2-1/2"]
[WhiteElo "2565"]
[BlackElo "2595"]

1.e4 e5 2.Nf3 Nc6 3.Bb5 a6 4.Ba4 Nf6 5.O-O Be7 6.Re1 b5 7.Bb3 O-O 8.h3 Bb7
9.d3 d6 10.c3 Nd7 11.Nbd2 Nc5 12.Bc2 Bf6 13.Nf1 Ne6 14.Ng3 g6 15.Be3 Ng5
16.Nh2 Ne6 17.Nf3 Ng5 18.Nh2 Ne6  1/2-1/2

[Event "Bundesliga 9293"]
[Site "Germany"]
[Date "1993.??.??"]
[Round "?"]
[White "Shirov, Alexei"]
[Black "Nunn, John DM"]
[Result "1/2-1/2"]
[WhiteElo "2710"]
[BlackElo "2595"]

1.e4 e5 2.Nf3 Nc6 3.d4 exd4 4.Nxd4 Bc5 5.Be3 Qf6 6.c3 Nge7 7.Bc4 b6 8.O-O Bb7
9.f4 O-O-O 10.Rf3 g6 11.a3 Qg7 12.Ba2 Rhe8 13.b4 Bxd4 14.cxd4 f5 15.e5 d6
16.e6 d5 17.Nc3 Qf6 18.Bf2 Rd6 19.Rh3 Qg7 20.Rc1 Rxe6 21.Nxd5 Nxd5 22.Bxd5 Rd6
23.b5 Ne7  1/2-1/2

[Event "London Lloyds"]
[Site "London"]
[Date "1993.??.??"]
[Round "1"]
[White "Nunn, John DM"]
[Black "Gokhale, Jayant Suresh"]
[Result "1-0"]
[WhiteElo "2590"]
[BlackElo "2330"]

1.e4 e5 2.Nf3 Nc6 3.Nc3 Nf6 4.Bb5 Bb4 5.O-O O-O 6.d3 d6 7.Bg5 Bxc3 8.bxc3 Qe7
9.Re1 Nd8 10.d4 Ne6 11.Bc1 Rd8 12.Nh4 g6 13.a4 d5 14.Nf5 gxf5 15.exf5 Nf8
16.Rxe5 Qd6 17.Ba3 Qb6 18.Bc5 Qa5 19.Qc1 Ne4 20.Rxe4 Bxf5 21.Re5 Bg6 22.Bb4 Qb6
23.h4 a6 24.Bf1 f6 25.Re7 Re8 26.a5 Qc6 27.Rxe8 Rxe8 28.Qd2 Qe6 29.Rc1 Qg4
30.c4 Ne6 31.c3 Be4 32.Re1 c6 33.Qh6 Nf4 34.Re3 Nh5 35.cxd5 cxd5 36.c4 Kh8
37.cxd5  1-0

[Event "London Lloyds"]
[Site "London"]
[Date "1993.??.??"]
[Round "2"]
[White "Hennigan, Michael"]
[Black "Nunn, John DM"]
[Result "1/2-1/2"]
[WhiteElo "2415"]
[BlackElo "2590"]

1.e4 c5 2.Nf3 e6 3.d4 cxd4 4.Nxd4 Nf6 5.Nc3 Nc6 6.Ndb5 d6 7.Bf4 e5 8.Bg5 a6
9.Na3 b5 10.Nd5 Be7 11.Nxe7 Nxe7 12.Bxf6 gxf6 13.c4 Bb7 14.cxb5 Bxe4 15.bxa6 O-O
16.Be2 d5 17.O-O Nc6 18.Nb5 d4 19.Rc1 Qd7 20.Nc3 Bf5 21.Na4 Qd6 22.Bg4 Bg6
23.f4 exf4 24.Bf3 Rxa6 25.Rxc6 Rxc6 26.Bxc6 Qxc6 27.Qxd4 Qc2 28.Nc5 Re8 29.Qc3 Qxc3
30.bxc3 Rc8 31.Nb3 Rxc3 32.Rxf4 Bb1 33.Rxf6  1/2-1/2

[Event "London Lloyds"]
[Site "London"]
[Date "1993.??.??"]
[Round "3"]
[White "Nunn, John DM"]
[Black "Kinsman, Andrew PH"]
[Result "1-0"]
[WhiteElo "2590"]
[BlackElo "2370"]

1.e4 e6 2.d4 d5 3.Nc3 Bb4 4.e5 c5 5.a3 Ba5 6.b4 cxd4 7.Qg4 Ne7 8.Nb5 Bc7
9.Qxg7 Rg8 10.Qxh7 a6 11.Nxc7+ Qxc7 12.Bb2 Qxe5+ 13.Ne2 Qc7 14.f4 Nbc6 15.Qd3 Nf5
16.O-O-O Bd7 17.Re1 Rc8 18.Kb1 Nce7 19.Nxd4 Nxd4 20.Bxd4 Qxf4 21.g3 Qf5 22.Qd2 Rg4
23.Bb2 Bb5 24.Bd3 Bxd3 25.cxd3 Kd7 26.Rhf1 Qh7 27.Ka1 Nf5 28.Rf3 Ke7 29.Qf2 Kf8
30.Qb6 Qxh2 31.Qxb7 Re8 32.Rxf5 exf5 33.Rxe8+ Kxe8 34.Qc6+ Kf8 35.Qd6+ Ke8
36.Bf6  1-0

[Event "London Lloyds"]
[Site "London"]
[Date "1993.??.??"]
[Round "4"]
[White "Arakhamia, Ketevan"]
[Black "Nunn, John DM"]
[Result "0-1"]
[WhiteElo "2440"]
[BlackElo "2590"]

1.e4 c5 2.Nf3 Nc6 3.d4 cxd4 4.Nxd4 Nf6 5.Nc3 e5 6.Ndb5 d6 7.Bg5 a6 8.Na3 b5
9.Bxf6 gxf6 10.Nd5 Bg7 11.c3 f5 12.exf5 Bxf5 13.Nc2 Be6 14.Nce3 Ne7 15.g3 Nxd5
16.Nxd5 O-O 17.Bg2 Rb8 18.O-O a5 19.Qd2 f5 20.Rad1 Kh8 21.Rfe1 Qd7 22.Qg5 Qf7
23.Rd2 e4 24.Red1 Be5 25.Qe3 Qg7 26.Kh1 b4 27.f4 exf3 28.Bxf3 bxc3 29.Nxc3 f4
30.gxf4 Bxf4 31.Qxe6 Bxd2 32.Be4 Bxc3 33.bxc3 Rbe8 34.Qd5 Re5 35.Qd3 Qe7
36.Bd5 Re1+ 37.Rxe1 Qxe1+ 38.Kg2 Rf2+ 39.Kh3 Qe5 40.Bg2 Re2  0-1

[Event "London Lloyds"]
[Site "London"]
[Date "1993.??.??"]
[Round "6"]
[White "Miles, Anthony J"]
[Black "Nunn, John DM"]
[Result "1-0"]
[WhiteElo "2565"]
[BlackElo "2590"]

1.d4 Nf6 2.Nf3 g6 3.c3 Bg7 4.Bg5 O-O 5.Nbd2 d5 6.e3 Nbd7 7.Be2 Re8 8.O-O e5
9.Nb3 c6 10.Rc1 a5 11.c4 a4 12.Nbd2 exd4 13.Nxd4 Qa5 14.cxd5 Qxd5 15.Bf4 Ne5
16.Qc2 Bg4 17.Bc4 Qa5 18.h3 Bd7 19.Be2 Rac8 20.Rfd1 b5 21.N2f3 Nxf3+ 22.Bxf3 Nd5
23.Bd6 Qb6 24.Qc5 Qxc5 25.Bxc5 Nf6 26.Ba3 Rb8 27.Bd6 Rb6 28.Nxc6 Bxc6 29.Bxc6 Rc8
30.Bb4 Bf8 31.Bxf8 Kxf8 32.Bf3 Rc4 33.Kf1 Ke7 34.Ke1 Nd7 35.Bd5 Rxc1 36.Rxc1 b4
37.Rc7 Kd6 38.Ra7 Ne5 39.Bxf7 Nd3+ 40.Kd2 Nxf2 41.Rxa4 Ne4+ 42.Ke2 Rb7 43.Ra6+ Kc5
44.Bb3 Rd7 45.Ra5+  1-0

[Event "London Lloyds"]
[Site "London"]
[Date "1993.??.??"]
[Round "7"]
[White "Nunn, John DM"]
[Black "Emms, John M"]
[Result "1-0"]
[WhiteElo "2590"]
[BlackElo "2455"]

1.e4 e5 2.Nf3 Nc6 3.Nc3 Nf6 4.Bb5 Nd4 5.Ba4 c6 6.O-O b5 7.Bb3 Nxb3 8.axb3 d6
9.d4 Qc7 10.Bg5 Be7 11.b4 exd4 12.Nxd4 a6 13.f4 h6 14.Bh4 O-O 15.Qd3 Be6
16.Nxe6 fxe6 17.Qh3 e5 18.Qe6+ Kh8 19.Ne2 Rae8 20.Rxa6 Nxe4 21.Bxe7 Rxe7
22.Qg6 Nf6 23.fxe5 dxe5 24.Ng3 Ref7 25.h3 Qd7 26.c3 e4 27.Raa1 e3 28.Kh2 Qd2
29.Rae1 Qxb2 30.Rxe3 Qd2 31.Nf5 Nd5 32.Re8 Nf4 33.Rxf8+  1-0

[Event "London Lloyds"]
[Site "London"]
[Date "1993.??.??"]
[Round "9"]
[White "Nunn, John DM"]
[Black "Sadler, Matthew"]
[Result "1-0"]
[WhiteElo "2590"]
[BlackElo "2535"]

1.e4 c5 2.Nf3 d6 3.d4 cxd4 4.Nxd4 Nf6 5.Nc3 a6 6.Be3 e5 7.Nb3 Be6 8.f3 Nbd7
9.g4 Be7 10.Qd2 b5 11.a4 b4 12.Nd5 Bxd5 13.exd5 Qc7 14.g5 Nh5 15.O-O-O Nf4
16.h4 h6 17.Rg1 hxg5 18.hxg5 Rh4 19.Kb1 Qd8 20.Nd4 exd4 21.Bxf4 Nb6 22.Bg3 Nxa4
23.Bc4 Nc3+ 24.bxc3 dxc3 25.Qe2 Qa5 26.Rde1 Ra7 27.Bf4 b3 28.Bxb3 Rb7 29.Rg4 Rxg4
30.fxg4 Qb4 31.Qxa6  1-0

[Event "Pardubice"]
[Site "Pardubice"]
[Date "1993.??.??"]
[Round "1"]
[White "Nunn, John DM"]
[Black "Greenfeld, Alon"]
[Result "0-1"]
[WhiteElo "2590"]
[BlackElo "2590"]

1.e4 c5 2.Nf3 d6 3.d4 cxd4 4.Nxd4 Nf6 5.Nc3 Nc6 6.Bg5 e6 7.Qd2 a6 8.O-O-O h6
9.Be3 Be7 10.f4 Bd7 11.h3 b5 12.Bd3 Nxd4 13.Bxd4 b4 14.Ne2 e5 15.Be3 Qa5
16.Kb1 O-O 17.g4 exf4 18.Nxf4 Bc6 19.Bd4 Nxe4 20.Bxe4 Bxe4 21.Rhe1 d5 22.Bxg7 Rfc8
23.Rxe4 dxe4 24.Bxh6 Bg5 25.Bxg5 Qxg5 26.h4 Qe5 27.Qe3 Rd8 28.Rc1 Rd6 29.g5 Rad8
30.Nh5 Rd1 31.Nf6+ Kg7 32.Nh5+ Kf8 33.Qe2 Qd4 34.Ng3 Rxc1+ 35.Kxc1 Qg1+ 36.Nf1 e3
37.Qxa6 Qf2  0-1

[Event "Pardubice"]
[Site "Pardubice"]
[Date "1993.??.??"]
[Round "2"]
[White "Nunn, John DM"]
[Black "Dolmatov, Sergey"]
[Result "1/2-1/2"]
[WhiteElo "2590"]
[BlackElo "2630"]

1.e4 e6 2.d4 d5 3.Nc3 Bb4 4.e5 c5 5.a3 Bxc3+ 6.bxc3 Ne7 7.Nf3 Qa5 8.Bd2 Nbc6
9.a4 Bd7 10.Bb5 Qc7 11.O-O O-O 12.Re1 b6 13.Bd3 h6 14.Qc1 c4 15.Be2 f6 16.Bf4 Ng6
17.Bg3 f5 18.h4 f4 19.Bh2 Rf5 20.g4 fxg3 21.fxg3 Raf8 22.Rf1 Be8 23.Qe3 Qd8
24.Rf2 Nce7 25.Bf1 R5f7 26.Bh3 Nf5 27.Qe2 a5  1/2-1/2

[Event "Pardubice"]
[Site "Pardubice"]
[Date "1993.??.??"]
[Round "3"]
[White "Chernin, Alexander"]
[Black "Nunn, John DM"]
[Result "1/2-1/2"]
[WhiteElo "2615"]
[BlackElo "2590"]

1.d4 Nf6 2.c4 g6 3.Nc3 Bg7 4.e4 d6 5.Nf3 O-O 6.Be2 e5 7.O-O Nc6 8.d5 Ne7
9.Nd2 a5 10.a3 Bd7 11.b3 c5 12.Rb1 Ne8 13.b4 axb4 14.axb4 b6 15.bxc5 bxc5
16.Nf3 h6 17.Qb3 f5 18.Qb6 Qc8 19.Rb3 f4 20.Qb7 Qd8 21.Qb6 Qc8 22.Qb7 Qd8
23.Qb6  1/2-1/2

[Event "Pardubice"]
[Site "Pardubice"]
[Date "1993.??.??"]
[Round "5"]
[White "Blatny, Pavel"]
[Black "Nunn, John DM"]
[Result "1/2-1/2"]
[WhiteElo "2510"]
[BlackElo "2590"]

1.e4 d6 2.d4 Nf6 3.Nc3 g6 4.Nf3 Bg7 5.Be2 O-O 6.O-O Bg4 7.Be3 Nc6 8.Qd2 e5
9.dxe5 dxe5 10.Rad1 Qc8 11.Qc1 Rd8 12.Rxd8+ Nxd8 13.Rd1 Ne6 14.h3 Bxf3 15.Bxf3 c6
16.Ne2  1/2-1/2

[Event "Pardubice"]
[Site "Pardubice"]
[Date "1993.??.??"]
[Round "6"]
[White "Nunn, John DM"]
[Black "Stohl, Igor"]
[Result "1-0"]
[WhiteElo "2590"]
[BlackElo "2545"]

1.e4 c6 2.d4 d5 3.e5 Bf5 4.Nf3 e6 5.Be2 c5 6.O-O Nc6 7.c3 cxd4 8.cxd4 Nge7
9.b3 Nc8 10.Bb2 Be7 11.Nbd2 O-O 12.a3 h6 13.Rc1 f6 14.b4 Nb6 15.exf6 Bxf6
16.Ne5 Bxe5 17.dxe5 a6 18.Qb3 Nd7 19.Qg3 d4 20.f4 Nb6 21.Bd3 Bxd3 22.Qxd3 Nd5
23.g3 Ne3 24.Rf2 Rc8 25.Ne4 Rc7 26.Qb3 d3 27.Nd6 Nd4 28.Qxd3 Rxc1+ 29.Bxc1 Nef5
30.Bb2 Nb5 31.Rd2 Qb6+ 32.Kg2 Rd8 33.Qb3 Qc6+ 34.Kh3 Qd7 35.Ne4  1-0

[Event "Wijk op"]
[Site "Wijk aan Zee"]
[Date "1993.??.??"]
[Round "7"]
[White "Huzman, Alexander"]
[Black "Nunn, John DM"]
[Result "0-1"]
[WhiteElo "2510"]
[BlackElo "2580"]

1.e4 e5 2.Nf3 Nc6 3.d4 exd4 4.Nxd4 Bc5 5.Nxc6 Qf6 6.Qf3 dxc6 7.Nd2 Be6 8.Bd3 O-O-O
9.O-O Ne7 10.Qxf6 gxf6 11.Nb3 Bb6 12.Be3 Rhg8 13.Kh1 Ng6 14.Bxb6 axb6 15.f4 Ne7
16.f5 Bd7 17.Bc4 Be8 18.a4 c5 19.a5 b5 20.Nxc5 bxc4 21.a6 bxa6 22.Rxa6 Nc6
23.Rfa1 Nb8 24.Rxf6 Rd6 25.Rxd6 cxd6 26.Na4 Bc6 27.Nb6+ Kc7 28.Nxc4 Bxe4
29.Ra7+ Kc6 30.Ne3 Nd7 31.Kg1 Rb8 32.b3 d5 33.Kf2 d4 34.Nc4 Bxf5 35.Ra6+ Nb6
36.Ne5+ Kb5 37.Ra2 f6 38.Nf3 Rd8 39.Ke1 Be4 40.Kd2 Bxf3 41.gxf3 Ra8 42.Rxa8 Nxa8
43.c4+ dxc3+ 44.Kxc3 Kc5 45.b4+ Kd5 46.b5 Nb6  0-1

[Event "Wijk op"]
[Site "Wijk aan Zee"]
[Date "1993.??.??"]
[Round "9"]
[White "Shirov, Alexei"]
[Black "Nunn, John DM"]
[Result "1/2-1/2"]
[WhiteElo "2670"]
[BlackElo "2580"]

1.d4 Nf6 2.c4 g6 3.Nc3 Bg7 4.e4 d6 5.Be2 O-O 6.Nf3 e5 7.O-O Nc6 8.d5 Ne7
9.Ne1 Nd7 10.Nd3 f5 11.Bd2 Nf6 12.f3 Kh8 13.Rc1 c6 14.b4 b5 15.dxc6 bxc4
16.Nb2 Nxc6 17.Nxc4 Be6 18.Be3 Nd4 19.Na5 Rc8 20.Ba6 Rc7 21.a3 fxe4 22.Nxe4 Nd5
23.Bxd4 exd4 24.Qd2 Nc3 25.Bd3 Bd5 26.Rce1 Re7 27.Qg5 Re5 28.Qxd8 Rxd8 29.Bc4 Bxe4
30.fxe4 Rxe4 31.Rxe4 Nxe4 32.Re1 d5 33.Nc6 Rd6 34.Bxd5 Rxd5 35.Rxe4 Bh6 36.Re8+ Kg7
37.Rd8 Be3+ 38.Kf1 Rf5+ 39.Ke2 Rf2+ 40.Kd3 Rxg2 41.Rd7+ Kh6 42.Rxa7 Rxh2
43.a4 Bg1 44.Nxd4 g5 45.b5 Rb2 46.Ra6+ Kh5 47.Ne2 Bf2 48.Rf6 Be1 49.Rf1  1/2-1/2

[Event "Bundesliga 9394"]
[Site "Germany"]
[Date "1994.??.??"]
[Round "?"]
[White "Nunn, John DM"]
[Black "Bologan, Viktor"]
[Result "1-0"]
[WhiteElo "2605"]
[BlackElo "2585"]

1.e4 g6 2.d4 Bg7 3.Nc3 c6 4.Bc4 d6 5.Qf3 e6 6.Nge2 Nd7 7.Bb3 b5 8.e5 d5 9.h4 a5
10.a3 Ba6 11.h5 b4 12.Na4 Nh6 13.g4 g5 14.Qe3 f6 15.Rg1 fxe5 16.Qxg5 Qxg5
17.Bxg5 Nf7 18.Bd2 bxa3 19.Rxa3 O-O 20.Nc5 Nxc5 21.dxc5 e4 22.Rxa5 Ne5 23.Nd4 Nd3+
24.cxd3 Bxd4 25.Be3 Bxb2 26.Kd2 d4 27.Bxe6+ Kh8 28.dxe4 Bc3+ 29.Kc2 dxe3
30.Rxa6 Rxa6 31.Kxc3 Ra3+ 32.Kd4 Rxf2 33.Rb1 Rd2+ 34.Ke5 e2 35.Rb8+ Kg7 36.g5 h6
37.Rg8+  1-0